| 000 | 00768nam a2200229 a 4500 | ||
|---|---|---|---|
| 005 | 20241116063716.0 | ||
| 008 | 180813s2015 es r 000 0 spa d | ||
| 020 | _a9788427720770 | ||
| 035 | _aUPN01000226159 | ||
| 049 | _aCG | ||
| 050 | 4 |
_aLC1031 _bC6.55 |
|
| 245 | 0 | 0 |
_aCompetencias genéricas en educación superior : _bmetodologías específicas para su desarrollo / _ccoord. Lourdes Villardón-Gallego. |
| 260 |
_aMadrid : _bNarcea, _c2015. |
||
| 300 |
_a190 p. : _bfigs., tablas |
||
| 440 | 0 | _aUniversitaria | |
| 650 | 4 |
_aEducación basada en competencias _913564 |
|
| 650 | 2 |
_aCompetencia profesional _95288 |
|
| 650 | 2 |
_aEducación superior _xMetodología _919723 |
|
| 700 | 1 |
_aVillardón-Gallego, Lourdes, _ecoord. |
|
| 905 | _aLibro | ||
| 999 |
_c198255 _d198255 |
||